000 00328nam a22001457a 4500
008 210527b ||||| |||| 00| 0 eng d
020 _a9780766839359
041 _aeng
080 _24th
_a338
082 _a338
100 _a53
101 _aMEN
245 _aSoil Science & Management
_cEdward J. Plaster
942 _2udc
_cBK
999 _c57694
_d57694